| 000 | 00871nam0a22002411 4500 | ||
|---|---|---|---|
| 001 | rc\4231104 | ||
| 005 | 20260408025333.0 | ||
| 021 |
_aRU _bРг303-66 |
||
| 035 | _a(NLR Aleph) 008226403 | ||
| 090 |
_a8188575 _c8188575 |
||
| 100 | _a20130416d1965 |||y0rusy50 ca | ||
| 101 | 0 | _arus | |
| 102 | _aRU | ||
| 105 | _aa z ||||| | ||
| 200 | 1 |
_aАвтомобильный прицеп ИАПЗ-754В _eКраткая инструкция по уходу и эксплуатации _fДонецкий СНХ. Горловский авторемонтный завод |
|
| 210 |
_aГорловка _cБ. и. _d1965 |
||
| 215 |
_a25 с. _cчерт. _d19 |
||
| 712 | 0 | 2 |
_aГорловский авторемонтный завод _3RU\NLR\AUTH\8810186477 _9867375 |
| 801 | 0 |
_aRU _bNLR _gpsbo |
|
| 801 | 1 |
_aRU _bELAR _2rusmarc |
|
| 852 |
_aNLR _j65-4/19728 |
||
| 942 | _cBOOK | ||
| 980 | _aNB | ||